| 000 | 00949nam a22003017a 4500 | ||
|---|---|---|---|
| 001 | 0067260 | ||
| 003 | KOHA_MİRAKIL | ||
| 005 | 20260207004712.0 | ||
| 007 | ta | ||
| 008 | 220602b2003 tu |||grd|||#0|||1|tur | | ||
| 020 | _a9754712174 | ||
| 040 |
_aTR-BiSEU _btur _cTR-BiSEU _erda |
||
| 041 | 0 | _atur | |
| 044 | _ctu | ||
| 050 |
_aPG6645.T87 _bL44 2003 |
||
| 100 | 1 | _aÇankaya, Birsen. | |
| 245 | 1 |
_aLehçe standart sözlük : _bLehçe-Türkçe Türkçe-Lehçe sözlük/ _cBirsen Çankaya ; by prepared by Birsen Çankaya. |
|
| 264 | 1 |
_aİstanbul : _bFono Yayınları _c2003 |
|
| 300 | _a572 sayfa; 16 cm. | ||
| 336 |
_ametin _btxt _2rdacontent |
||
| 337 |
_aaracısız _bn _2rdamedia |
||
| 338 |
_acilt _bnc _2rdacarrier |
||
| 500 | _aText in Turkish and Polish. | ||
| 650 | 0 |
_aPolish language--Dictionaries--Turkish. _9127749 |
|
| 650 | 0 |
_aTurkish language--Dictionaries--Polish. _9127750 |
|
| 907 | _aSözlük | ||
| 942 |
_2lcc _cBK |
||
| 999 |
_c67807 _d67807 |
||